Fundamentals of scientific mathematics. (Record no. 624958)

MARC details
000 -LEADER
fixed length control field 01238nam a2200241Ia 4500
003 - CONTROL NUMBER IDENTIFIER
control field OSt
005 - DATE AND TIME OF LATEST TRANSACTION
control field 20250605150910.0
008 - FIXED-LENGTH DATA ELEMENTS--GENERAL INFORMATION
fixed length control field 220923b |||||||| |||| 00| 0 eng d
037 ## - SOURCE OF ACQUISITION
Terms of availability Refertence
040 ## - CATALOGING SOURCE
Original cataloging agency RTL
Transcribing agency RTL
Language of cataloging eng
041 ## - LANGUAGE CODE
Source of code eng
Language code of text/sound track or separate title eng
084 ## - COLON CLASSIFICATION NUMBER
Classification number B K1/SC
Assigning agency RTL
100 ## - MAIN ENTRY--PERSONAL NAME
Personal name Owen, George E.
9 (RLIN) 236389
245 #0 - TITLE STATEMENT
Title Fundamentals of scientific mathematics.
260 ## - PUBLICATION, DISTRIBUTION, ETC.
Place of publication, distribution, etc. New York
Name of publisher, distributor, etc. Harper & Row
Date of publication, distribution, etc. 1961
300 ## - PHYSICAL DESCRIPTION
Extent x, 274 p. : ill.
Dimensions cm.
Other physical details Includes bibliographical references and index
520 ## - SUMMARY, ETC.
Summary, etc. For a book that was originally written in 1961, this book is surprisingly modern. The very clear treatment of matrices and vectors in a scientific mathematics context, then linking their use to elementary calculus, as well as to cylindrical and spherical coordinate systems is excellent.<br/><br/>This would make a very useful book for a mathematician/physicist/chemist/engineer to read before starting a degree.<br/><br/>George Owen also wrote another very good book at a slightly higher math level called The Universe of the Mind. The two books would go well together.<br/>
650 ## - SUBJECT ADDED ENTRY--TOPICAL TERM
Topical term or geographic name entry element Mathematics
650 ## - SUBJECT ADDED ENTRY--TOPICAL TERM
Topical term or geographic name entry element Algebra
650 ## - SUBJECT ADDED ENTRY--TOPICAL TERM
Topical term or geographic name entry element Geometry
942 ## - ADDED ENTRY ELEMENTS (KOHA)
Classification part B, K1/SC
Koha item type Reference
Source of classification or shelving scheme Colon Classification (CC)
Suppress in OPAC No
Holdings
Withdrawn status Lost status Source of classification or shelving scheme Damaged status Not for loan Home library Current library Date acquired Total Checkouts Full call number Barcode Date last seen Price effective from Koha item type
    Colon Classification (CC)     Ratan Tata Library Ratan Tata Library 2022-09-26   B K1/SC RT1148760 2022-09-26 2022-09-26 Reference
Copyright @ Delhi University Library System